Electronic Devics (Record no. 980)

MARC details
000 -LEADER
fixed length control field 00342nam a2200145Ia 4500
008 - FIXED-LENGTH DATA ELEMENTS--GENERAL INFORMATION
fixed length control field 191201s2005 xx 000 0 und d
082 ## - DEWEY DECIMAL CLASSIFICATION NUMBER
Classification number 621.38413
Item number FLE
100 ## - MAIN ENTRY--PERSONAL NAME
Personal name FLOYD, Thomas L
245 #0 - TITLE STATEMENT
Title Electronic Devics
250 ## - EDITION STATEMENT
Edition statement 6th
260 ## - PUBLICATION, DISTRIBUTION, ETC. (IMPRINT)
Place of publication, distribution, etc N.Delhi
Name of publisher, distributor, etc Pearson Education
Date of publication, distribution, etc 2005
300 ## - PHYSICAL DESCRIPTION
Extent 993
650 ## - SUBJECT ADDED ENTRY--TOPICAL TERM
Topical term or geographic name as entry element B.Tech(ECE)
942 ## - ADDED ENTRY ELEMENTS (KOHA)
Source of classification or shelving scheme Dewey Decimal Classification
Koha item type Text Books
Holdings
Withdrawn status Lost status Source of classification or shelving scheme Damaged status Not for loan Collection code Home library Current library Date acquired Source of acquisition Cost, normal purchase price Bill Number Total Checkouts Full call number Acc. no. / Barcode Date last seen Bill Date Koha item type Checked out Date last borrowed
    Dewey Decimal Classification     B.Tech(ECE) PIET C-LIBRARY PIET C-LIBRARY 09/08/2005 UDH, Delhi 250.00 CM 4732   621.38413 FLE 963 04/12/2019 22/08/2005 Text Books    
    Dewey Decimal Classification     B.Tech(ECE) PIET C-LIBRARY PIET C-LIBRARY 09/08/2005 UDH, Delhi 250.00 CM 4732 1 621.38413 FLE 964 21/10/2024 22/08/2005 Text Books 04/11/2024 21/10/2024
    Dewey Decimal Classification     B.Tech(ECE) PIET C-LIBRARY PIET C-LIBRARY 09/08/2005 UDH, Delhi 250.00 CM 4732   621.38 FLE 965 04/12/2019 22/08/2005 Text Books    
    Dewey Decimal Classification     B.Tech(ECE) PIET C-LIBRARY PIET C-LIBRARY 09/08/2005 UDH, Delhi 250.00 CM 4732   621.38413 FLE 966 04/12/2019 22/08/2005 Text Books    

Design & Developed by: PIET Central Library
R70 Miles Stone Pattikalyana Samalkha Panipat 132102
mail ID :- [email protected], Phone No:- 0180-2569700 Ex.216